Films catastrophe - Statistiques

Statistiques générales
  • Ce quiz a été pris 43 fois
  • Le résultat moyen est 8 sur 15
Statistiques - réponses
Année Description Film % Correct
1997 Un paquebot coule après avoir frappé un iceberg. Titanic
92%
1954 Un monstre radioactif émerge des profondeurs et détruit Tokyo. Godzilla
84%
2009 Un homme et sa famille échappent à l'apocalypse prédite par les mayas. 2012
74%
2015 Une célèbre faille géologique californienne se réveille et dévaste Los Angeles et San Francisco. San Andreas
74%
2016 Une épidémie zombie en Corée, vue à travers un voyage en TGV. Dernier Train pour Busan
68%
2013 Un ancien employé de l'ONU voyage aux quatre coins du monde pour comprendre l'origine d'une épidémie zombie et essayer d'y trouver un remède. World War Z
68%
1996 Des aliens détruisent de nombreux monuments dont la Maison Blanche, mais sont finalement battus par un simple virus informatique. Independence Day
61%
1998 Des foreurs pétroliers sont envoyés sur un astéroïde pour tenter de le détruire avant qu'il ne frappe la Terre. Armageddon
58%
2013 L'humanité construit des robots géants pour combattre des monstres sortis de l'océan. Pacific Rim
55%
2002 Un homme se réveille d'un coma dans une Angleterre infestée de zombies. 28 jours plus tard
50%
2004 Des dérèglements climatiques plongent rapidement la terre dans une nouvelle ère glaciaire. Le Jour d'Après
47%
2005 L'invasion des martiens tombe à l'eau lorsque ces derniers succombent à des virus terriens. La Guerre des Mondes
37%
2012 Les membres d'une famille séparés par un tsunami tentent de se retrouver parmi la désolation et les milliers de rescapés. The Impossible
29%
2008 L'attaque de New York par un monstre, filmée par un mec lambda avec son téléphone. Cloverfield
26%
2023 Un couple divorcé et leur fille essaient d'échapper à des nuages de pluie mortels. Acide
16%
Aucun quiz correspondant
Distribution des résultats
% des personnes avec chaque résultat
Percentile par nombre de réponses
Votre historique - résultats
Vous n’avez pas pris ce quiz